| 000 | 00961cam a22002895a 4500 | ||
|---|---|---|---|
| 001 | 15552945 | ||
| 005 | 20201128023608.0 | ||
| 008 | 081211t2009 si a frb 001 0 eng d | ||
| 010 | _a 2008300021 | ||
| 020 | _a9789814241021 | ||
| 020 | _a9814241024 | ||
| 040 |
_aSISPL _beng _cSISPL _dSISPL _dBWX _dOCLCQ _dDLC _dEG-ScBUE |
||
| 082 | 0 | 4 |
_a610.28 _bNAN _222 |
| 245 | 0 | 0 |
_aNanotherapeutics : _bdrug delivery concepts in nanoscience / _cedited by Alf Lamprecht. |
| 260 |
_aSingapore : _bPan Stanford Publishing, _cc.2009. |
||
| 300 |
_axii, 279 p. : _bill. (some col.) ; _c24 cm. |
||
| 500 | _aIndex : p. 277-279. | ||
| 504 | _aIncludes bibliographical references. | ||
| 650 | 7 |
_aNanomedicine. _2BUEsh _94192 |
|
| 650 | 7 |
_aNanotechnology. _2BUEsh _9519 |
|
| 650 | 7 |
_aDrug delivery systems. _2BUEsh _936090 |
|
| 651 | _2BUEsh | ||
| 653 |
_bPPhrm _cOctober2015 _cNovember2015 |
||
| 655 |
_vText book _933728 |
||
| 700 | 1 |
_aLamprecht, Alf, _eeditor. |
|
| 942 | _2ddc | ||
| 999 |
_c20922 _d20894 |
||